000 00585cam a2200193 4500
001 ABS61223
008 000000n1999 000 0 eng u
035 _a(Sirsi) u101823
245 _a1999 dealmakers guide.
260 _c1999
490 _aUrban Land
_vSpecial edition 1999 (80)(LOAN)
520 _aSupplement looking at the global real estate investment market, from an American perspective.
650 _aREAL ESTATE MARKET
650 _aGLOBAL MARKET
650 _aPROPERTY MARKET
650 _aDEALS
690 _aPROPERTY-PROPERTY FINANCE AND INVESTMENT
942 _n0
999 _c60935
_d60935